000 00438nab a2200145Ia 4500
003 ES-SlBCS
005 20210601125237.0
008 140529s1977 xxu||||| |||| 00| 0 eng d
041 _aeng
100 1 _aGoodrum, Craig R.
_9155894
245 0 0 _aRawls and Equalitarianism
_c Craig R. Goodrum
600 1 4 _aRawls-Igualdad
_9155895
773 0 _tPhilosophy and Phenomenological Research
_gvol. 37, 1977, págs. 386-343
_wRev1411
942 _cAR
999 _c527133
_d527133